Normal view MARC view
  • JAVA (programspr嫩

Entry Topical Term

Number of records used in: 1

001 - CONTROL NUMBER

  • control field: 97086

003 - CONTROL NUMBER IDENTIFIER

  • control field: NUST

005 - DATE AND TIME OF LATEST TRANSACTION

  • control field: 20220815093312.0

008 - FIXED-LENGTH DATA ELEMENTS

  • fixed length control field: 220815|| aca||aabn | a|a d

040 ## - CATALOGING SOURCE

  • Original cataloging agency: NUST
  • Transcribing agency: NUST

150 ## - HEADING--TOPICAL TERM

  • Topical term or geographic name entry element: JAVA (programspr嫩

670 ## - SOURCE DATA FOUND

  • Source citation: Work cat.: (NUST)193406: Horstmann, Cay S., 56680, Core Java 2. Vol. 2, Advanced features / , cop. 2002
© 2023 Central Library, National University of Sciences and Technology. All Rights Reserved.